Mots: nourriture en A (FR --> EN) - Statistiques

Statistiques générales
  • Ce quiz a été pris 63 fois
  • Le résultat moyen est 4 sur 5
Statistiques - réponses
Hint Réponse % Correct
Avocat Avocado
93%
Ananas Pineapple
93%
Ail Garlic
88%
Aubergine Eggplant
66%
Arachide Peanut
59%
Aucun quiz correspondant
Distribution des résultats
% des personnes avec chaque résultat
Percentile par nombre de réponses
Votre historique - résultats
Vous n’avez pas pris ce quiz